[Event "SUI-ch op"]
[Site "Leukerbad"]
[Date "2015.07.12"]
[Round "4"]
[White "Kuenzli, Simon"]
[Black "Kaczmarczyk, Dennis"]
[Result "0-1"]
[WhiteElo "2013"]
[BlackElo "2411"]
[PlyCount "54"]
[EventDate "2015.07.09"]
[EventType "swiss"]
[EventRounds "9"]
[EventCountry "SUI"]
[SourceTitle "EXT 2019"]
[Source "ChessBase"]
[SourceDate "2018.10.10"]
[SourceVersion "1"]
[SourceVersionDate "2018.10.10"]
[SourceQuality "1"]

1. e4 e6 2. d4 d5 3. e5 c5 4. c3 Nc6 5. Nf3 Bd7 6. Be2 Nge7 7. Na3 cxd4 8. cxd4 Nf5 9. Nc2 Be7 10. 0-0 Qb6 11. b3 Rc8 12. Bb2 0-0 13. Rc1 f6 14. g4 Nh6 15. exf6 gxf6 16. Ne3 Kh8 17. Kh1 Bd6 18. g5 fxg5 19. Ne5 Nxe5 20. dxe5 Bc5 21. Bf3 Bc6 22. Bg2 d4 23. Ng4 Bxg2+ 24. Kxg2 Qc6+ 25. Kg1 Nxg4 26. Qxg4 Rf4 27. Qh3 Rcf8 0-1

[Event "Zuerich op-B 36th"]
[Site "Zuerich"]
[Date "2012.12.26"]
[Round "1"]
[White "Kuenzli, Simon"]
[Black "Nydegger, Charles"]
[Result "1-0"]
[WhiteElo "1938"]
[BlackElo "1685"]
[PlyCount "65"]
[EventDate "2012.12.26"]
[EventType "swiss"]
[EventRounds "7"]
[EventCountry "SUI"]
[SourceTitle "EXT 2019"]
[Source "ChessBase"]
[SourceDate "2018.10.10"]
[SourceVersion "1"]
[SourceVersionDate "2018.10.10"]
[SourceQuality "1"]

1. e4 e5 2. Nf3 f5 3. Nxe5 Qf6 4. d4 d6 5. Nc4 fxe4 6. Be2 Ne7 7. 0-0 Nbc6 8. c3 d5 9. Ne3 Be6 10. b4 Ng6 11. b5 Nb8 12. f3 Bd6 13. fxe4 Qh4 14. e5 Nxe5 15. g3 Qh3 16. dxe5 Bc5 17. Kh1 Nd7 18. Bg4 Bxg4 19. Qxg4 Qxg4 20. Nxg4 h5 21. e6 Nf8 22. Be3 Nxe6 23. Bxc5 hxg4 24. Bd4 0-0-0 25. Nd2 Rh3 26. Rf5 Rdh8 27. Nf1 R3h5 28. Rxh5 Rxh5 29. Re1 Kd7 30. Kg2 Rf5 31. Ne3 Rf3 32. Nxg4 Nxd4 33. Ne5+ 1-0

[Event "Zuerich op-A 34th"]
[Site "Zuerich"]
[Date "2010.12.28"]
[Round "4"]
[White "Kuenzli, Simon"]
[Black "Wyss, Jonas"]
[Result "0-1"]
[WhiteElo "2024"]
[BlackElo "2307"]
[PlyCount "76"]
[EventDate "2010.12.26"]
[EventType "swiss"]
[EventRounds "7"]
[EventCountry "SUI"]
[SourceTitle "CBM 140 Extra"]
[Source "ChessBase"]
[SourceDate "2011.03.01"]
[SourceVersion "1"]
[SourceVersionDate "2011.03.01"]
[SourceQuality "1"]

1. e4 e5 2. Nf3 Nc6 3. d4 exd4 4. Nxd4 Nf6 5. Nc3 Bb4 6. Nxc6 bxc6 7. Bd3 d5 8. exd5 cxd5 9. 0-0 0-0 10. Bg5 c6 11. Qf3 Be7 12. Rae1 Rb8 13. Nd1 Be6 14. b3 h6 15. Bd2 Bd6 16. Ne3 c5 17. Nf5 c4 18. Be2 Ne4 19. Rd1 Nxd2 20. Rxd2 Qg5 21. Ne3 Rfd8 22. g3 Bc5 23. h4 Qe5 24. Rfd1 c3 25. Rd3 d4 26. Nc4 Bxc4 27. bxc4 Re8 28. Bf1 Rb2 29. Qc6 Rxc2 30. f4 Qe7 31. Rb1 Rb2 32. Rxb2 cxb2 33. Qb5 Bb4 34. Rb3 Bc3 35. c5 Qe1 36. Kg2 Re3 37. Qb8+ Kh7 38. f5 d3 0-1

[Event "Zuerich op-B 32nd"]
[Site "Zuerich"]
[Date "2008.12.29"]
[Round "5"]
[White "Scholten, Ingo"]
[Black "Kuenzli, Simon"]
[Result "1-0"]
[WhiteElo "2016"]
[BlackElo "1946"]
[PlyCount "88"]
[EventDate "2008.12.26"]
[EventType "swiss"]
[EventRounds "7"]
[EventCountry "SUI"]
[SourceTitle "CBM 127 Extra"]
[Source "ChessBase"]
[SourceDate "2009.01.08"]
[SourceVersion "2"]
[SourceVersionDate "2009.01.28"]
[SourceQuality "1"]

1. c4 c6 2. g3 d5 3. Nf3 Nf6 4. Bg2 e6 5. 0-0 Bd6 6. d4 0-0 7. b3 Nbd7 8. Bb2 b5 9. Ne5 bxc4 10. bxc4 Qc7 11. Nxd7 Nxd7 12. Nd2 Rb8 13. Qc2 Nf6 14. e4 dxe4 15. Nxe4 Nxe4 16. Bxe4 g6 17. Qc3 Bb4 18. Qf3 Be7 19. Rab1 Ba6 20. Rfc1 c5 21. d5 e5 22. Qc3 Bd6 23. Re1 Rb4 24. Bd3 Rfb8 25. Ba1 Bc8 26. f4 f6 27. Qc2 Rxb1 28. Rxb1 Rxb1+ 29. Qxb1 exf4 30. Bxf6 fxg3 31. hxg3 Qf7 32. Bh4 Be5 33. Qf1 Qxf1+ 34. Kxf1 Bg4 35. Be7 Bxg3 36. Bxc5 a5 37. Kg2 Be1 38. Bd4 Kf7 39. c5 Ke7 40. d6+ Ke6 41. Bc4+ Kd7 42. Bb5+ Ke6 43. d7 Bh4 44. Bf2 Bxf2 1-0